[Event "Belgrade City-chT"]
[Site "Belgrade"]
[Date "2013.11.13"]
[Round "9"]
[White "Milutinovic, Milan"]
[Black "Dzunic, Vladimir"]
[Result "0-1"]
[WhiteElo "2078"]
[BlackElo "2014"]
[PlyCount "52"]
[EventDate "2013.10.26"]
[EventType "team-tourn"]
[EventRounds "11"]
[EventCountry "SRB"]
[SourceTitle "EXT 2015"]
[Source "ChessBase"]
[SourceDate "2014.11.20"]
[SourceVersion "1"]
[SourceVersionDate "2014.11.20"]
[SourceQuality "1"]

1. d4 d5 2. Nf3 Nf6 3. e3 e6 4. Bd3 c5 5. c3 Nc6 6. Nbd2 cxd4 7. exd4 Bd6 8. h3 0-0 9. Nf1 e5 10. dxe5 Nxe5 11. Nxe5 Bxe5 12. Be3 Re8 13. Be2 Ne4 14. Qa4 Nxc3 15. Qc2 Nxe2 16. Kxe2 d4 17. Rd1 Qf6 18. Qa4 Bf5 19. g4 Be4 20. f4 Bxh1 21. g5 Qg6 22. fxe5 dxe3 23. Nxe3 Bc6 24. Qf4 Qe4 25. Qxe4 Bxe4 26. Ng4 Bf5 0-1

[Event "Belgrade Trophy 26th"]
[Site "Belgrade"]
[Date "2012.11.25"]
[Round "2"]
[White "Kontic, Djordjije"]
[Black "Dzunic, Vladimir"]
[Result "1-0"]
[WhiteElo "2336"]
[BlackElo "2052"]
[PlyCount "55"]
[EventDate "2012.11.24"]
[EventType "swiss"]
[EventRounds "9"]
[EventCountry "SRB"]
[SourceTitle "CBM 151 Extra"]
[Source "ChessBase"]
[SourceDate "2012.12.18"]
[SourceVersion "1"]
[SourceVersionDate "2012.12.18"]
[SourceQuality "1"]

1. e4 e5 2. Nf3 Nf6 3. Nxe5 d6 4. Nf3 Nxe4 5. Nc3 Nxc3 6. dxc3 Be7 7. Be3 Bf5 8. Qd5 Qc8 9. Nd4 Bd7 10. Bc4 0-0 11. g4 c6 12. Qg2 d5 13. Bd3 Re8 14. 0-0-0 Bf8 15. Nf5 Bxf5 16. Bxf5 Qc7 17. g5 g6 18. Bd3 Nd7 19. h4 Rad8 20. Kb1 Ne5 21. h5 Nxd3 22. cxd3 c5 23. Rh4 Rd7 24. Rdh1 b5 25. Qh3 Qb7 26. Rf4 Qc6 27. Rf6 Re6 28. hxg6 1-0

[Event "Belgrade-chT Quality"]
[Site "Belgrade"]
[Date "2012.10.27"]
[Round "5.3"]
[White "Dzunic, Vladimir"]
[Black "Radic, Rajko"]
[Result "0-1"]
[WhiteElo "2052"]
[BlackElo "2073"]
[PlyCount "80"]
[EventDate "2012.10.13"]
[EventType "team-tourn"]
[EventRounds "11"]
[EventCountry "SRB"]
[SourceTitle "EXT 2019"]
[Source "ChessBase"]
[SourceDate "2018.10.10"]
[SourceVersion "1"]
[SourceVersionDate "2018.10.10"]
[SourceQuality "1"]

1. d4 Nf6 2. c4 g6 3. Nc3 d5 4. cxd5 Nxd5 5. e4 Nxc3 6. bxc3 c5 7. Bb5+ Nd7 8. Qa4 Bg7 9. Ne2 0-0 10. Be3 cxd4 11. cxd4 Nf6 12. f3 Bd7 13. 0-0 a6 14. Bxd7 Nxd7 15. Qb3 b5 16. a4 Qb6 17. Rab1 Rfb8 18. d5 Qa5 19. axb5 Rxb5 20. Qc2 Rab8 21. Rxb5 Qxb5 22. Nd4 Qb6 23. Nf5 Qb3 24. Nh6+ Kf8 25. Qxb3 Rxb3 26. Rc1 Bc3 27. Ng4 f6 28. f4 a5 29. e5 fxe5 30. fxe5 Nxe5 31. Nxe5 Bxe5 32. Rc8+ Kf7 33. Bh6 Rb8 34. Rc2 Rb1+ 35. Kf2 Rb2 36. Rxb2 Bxb2 37. Ke2 a4 38. Kd3 Be5 39. Kc4 a3 40. Kb3 Bd6 0-1

[Event "Belgrade Spring op"]
[Site "Belgrade"]
[Date "2012.03.28"]
[Round "5"]
[White "Jovicic, Radosav"]
[Black "Dzunic, Vladimir"]
[Result "1-0"]
[WhiteElo "2188"]
[BlackElo "2076"]
[PlyCount "63"]
[EventDate "2012.03.24"]
[EventType "swiss"]
[EventRounds "9"]
[EventCountry "SRB"]
[SourceTitle "CBM 147 Extra"]
[Source "ChessBase"]
[SourceDate "2012.04.24"]
[SourceVersion "1"]
[SourceVersionDate "2012.04.24"]
[SourceQuality "1"]

1. d4 d5 2. e3 Nf6 3. Bd3 c5 4. c3 Nc6 5. f4 c4 6. Bc2 g6 7. Nd2 Bg7 8. e4 Bg4 9. Ngf3 dxe4 10. Nxe4 0-0 11. h3 Be6 12. Ng3 Bd5 13. 0-0 Qc7 14. Qe1 e6 15. Bd2 b5 16. Qf2 Ne7 17. Rae1 Qb7 18. Nh2 h5 19. Re2 h4 20. Nh1 Ne4 21. Qxh4 Nf5 22. Qe1 Nxd2 23. Rxd2 b4 24. Ng4 Nd6 25. Ne5 bxc3 26. bxc3 Nb5 27. Re2 Rab8 28. Ng3 Na3 29. Be4 Bxe4 30. Nxe4 Qd5 31. Qh4 Qd8 32. Ng5 1-0

[Event "Belgrade Trophy 25th"]
[Site "Obrenovac"]
[Date "2011.11.29"]
[Round "6"]
[White "Devetak, Dusan"]
[Black "Dzunic, Vladimir"]
[Result "0-1"]
[WhiteElo "2185"]
[BlackElo "2079"]
[PlyCount "58"]
[EventDate "2011.11.24"]
[EventType "swiss"]
[EventRounds "9"]
[EventCountry "YUG"]
[SourceTitle "CBM 145 Extra"]
[Source "ChessBase"]
[SourceDate "2012.01.03"]
[SourceVersion "1"]
[SourceVersionDate "2012.01.03"]
[SourceQuality "1"]

1. e4 e5 2. Nf3 d6 3. d4 exd4 4. Nxd4 Nf6 5. Nc3 Be7 6. Be2 0-0 7. 0-0 c5 8. Nf3 Nc6 9. h3 h6 10. Re1 Re8 11. Bf4 Bf8 12. Bf1 a6 13. a4 Qc7 14. Qd2 Ne5 15. Rad1 Bd7 16. b3 Rab8 17. Bg3 Bc6 18. Nxe5 dxe5 19. Nd5 Bxd5 20. exd5 Bd6 21. c4 Nh5 22. Bh2 f5 23. g4 fxg4 24. hxg4 Nf6 25. g5 hxg5 26. Qxg5 e4 27. Bxd6 Qxd6 28. Bh3 Re5 29. Be6+ Qxe6 0-1

[Event "Belgrade Trophy 25th"]
[Site "Obrenovac"]
[Date "2011.11.25"]
[Round "2"]
[White "Nenezic, Marko"]
[Black "Dzunic, Vladimir"]
[Result "1-0"]
[WhiteElo "2329"]
[BlackElo "2079"]
[PlyCount "141"]
[EventDate "2011.11.24"]
[EventType "swiss"]
[EventRounds "9"]
[EventCountry "YUG"]
[SourceTitle "CBM 145 Extra"]
[Source "ChessBase"]
[SourceDate "2012.01.03"]
[SourceVersion "1"]
[SourceVersionDate "2012.01.03"]
[SourceQuality "1"]

1. Nf3 d5 2. d4 Nf6 3. c4 e6 4. g3 Be7 5. Bg2 0-0 6. 0-0 dxc4 7. Qc2 a6 8. Qxc4 b5 9. Qc2 Bb7 10. Bd2 Nc6 11. e3 Rb8 12. Rc1 Bd6 13. e4 e5 14. d5 Ne7 15. Bg5 c6 16. Bxf6 gxf6 17. dxc6 Bxc6 18. Nbd2 Bd7 19. Nf1 Be6 20. Qd2 Kg7 21. Ne3 Qb6 22. Nh4 Rfd8 23. Qe2 Bc5 24. Nd5 Nxd5 25. exd5 Bxd5 26. Nf5+ Kh8 27. Bxd5 Rxd5 28. Rc2 e4 29. Qxe4 Qe6 30. Qf4 Rbd8 31. Nh4 Bd6 32. Qf3 Be5 33. Rac1 Rd3 34. Qe2 Qe7 35. b3 a5 36. Nf3 Qe6 37. Kg2 b4 38. Rc5 Bc3 39. Rc4 R3d6 40. Rc7 R6d7 41. Rxd7 Qxd7 42. h4 Qd5 43. Rc2 Kg7 44. Qf1 Re8 45. Re2 Re4 46. Rxe4 Qxe4 47. Qb5 h6 48. Qxa5 f5 49. Qa6 Qc2 50. h5 Qe4 51. Qc4 Kf6 52. Qa6+ Kg7 53. a3 bxa3 54. Qxa3 Qg4 55. Qc5 Bf6 56. b4 Qe4 57. b5 f4 58. Qc6 Qb4 59. g4 Bd8 60. Qd5 Bf6 61. Qc6 Bd8 62. Qb7 Qc5 63. Qb8 Bc7 64. Qc8 Qd6 65. Qf5 Kg8 66. g5 hxg5 67. Nxg5 f3+ 68. Kxf3 Qd1+ 69. Kg2 Qxh5 70. Qc8+ Kg7 71. Qxc7 1-0

[Event "Belgrade Spring op"]
[Site "Belgrade"]
[Date "2011.03.31"]
[Round "9"]
[White "Dzunic, Vladimir"]
[Black "Jovicic, Radosav"]
[Result "0-1"]
[WhiteElo "2097"]
[BlackElo "2183"]
[PlyCount "67"]
[EventDate "2011.03.23"]
[EventType "swiss"]
[EventRounds "9"]
[EventCountry "SRB"]
[SourceTitle "CBM 141 Extra"]
[Source "ChessBase"]
[SourceDate "2011.05.03"]
[SourceVersion "1"]
[SourceVersionDate "2011.05.03"]
[SourceQuality "1"]

1. d4 Nf6 2. c4 g6 3. Nc3 Bg7 4. e4 0-0 5. Nf3 d6 6. Be2 Nbd7 7. 0-0 e5 8. Bg5 h6 9. Be3 Ng4 10. Bc1 c6 11. h3 Ngf6 12. dxe5 dxe5 13. Be3 Qe7 14. Qc2 Nh5 15. Rfe1 Nc5 16. Rad1 Ne6 17. Rd2 Nef4 18. Bf1 Qf6 19. Qd1 g5 20. g4 Qe7 21. gxh5 Nxh3+ 22. Bxh3 Bxh3 23. Nh2 Rad8 24. Bxa7 b5 25. Bb6 Rb8 26. c5 f5 27. Rd7 Qe8 28. Re3 g4 29. exf5 Qxh5 30. Qb3+ Kh8 31. Qe6 Rbe8 32. Qg6 Qxg6 33. fxg6 g3 34. Rxg7 0-1

[Event "SRB-chT quality"]
[Site "Belgrade"]
[Date "2010.10.27"]
[Round "7"]
[White "Dzunic, Vladimir"]
[Black "Ugrcic, Zoran"]
[Result "0-1"]
[WhiteElo "2103"]
[BlackElo "2066"]
[PlyCount "94"]
[EventDate "2010.10.09"]
[EventType "team-tourn"]
[EventRounds "11"]
[EventCountry "YUG"]
[SourceTitle "EXT 2011"]
[Source "ChessBase"]
[SourceDate "2010.11.26"]
[SourceVersion "1"]
[SourceVersionDate "2010.11.26"]
[SourceQuality "1"]

1. d4 f5 2. c4 g6 3. Nc3 Nf6 4. Nf3 Bg7 5. g3 0-0 6. Bg2 d6 7. 0-0 c6 8. Bf4 Nh5 9. Qd2 Nxf4 10. gxf4 Qc7 11. d5 Nd7 12. Nd4 Bxd4 13. Qxd4 c5 14. Qd2 Nf6 15. Kh1 Bd7 16. Rg1 a6 17. a4 Rab8 18. e4 fxe4 19. Nxe4 Nxe4 20. Bxe4 Bf5 21. Qd3 Qd7 22. Rg5 Rf6 23. Bxf5 Rxf5 24. Qxf5 Qxf5 25. Rxf5 gxf5 26. Re1 Kf7 27. Re3 b5 28. Rb3 b4 29. Rh3 Rh8 30. b3 h5 31. Rg3 Rh6 32. Kg2 e6 33. dxe6+ Kxe6 34. Rg8 Ke7 35. Ra8 Rg6+ 36. Kf3 Rg1 37. Rxa6 Rb1 38. Ra7+ Ke6 39. a5 Rxb3+ 40. Ke2 Rc3 41. a6 Rxc4 42. Ra8 Rc2+ 43. Kd3 Rc3+ 44. Kd2 Ra3 45. a7 Kd5 46. Rf8 Rxa7 47. Rxf5+ Kd4 0-1

[Event "SRB-chT quality"]
[Site "Belgrade"]
[Date "2010.10.10"]
[Round "2"]
[White "Dzunic, Vladimir"]
[Black "Matijasevic, Milutin"]
[Result "1-0"]
[WhiteElo "2103"]
[BlackElo "2222"]
[PlyCount "87"]
[EventDate "2010.10.09"]
[EventType "team-tourn"]
[EventRounds "11"]
[EventCountry "YUG"]
[SourceTitle "EXT 2011"]
[Source "ChessBase"]
[SourceDate "2010.11.26"]
[SourceVersion "1"]
[SourceVersionDate "2010.11.26"]
[SourceQuality "1"]

1. d4 d5 2. c4 Nc6 3. e3 e5 4. dxe5 Bb4+ 5. Bd2 dxc4 6. Bxb4 Qxd1+ 7. Kxd1 Nxb4 8. Bxc4 Bf5 9. Na3 Bd3 10. Bxd3 Nxd3 11. Ke2 Nxe5 12. Nb5 Kd8 13. f4 Nc6 14. e4 Nf6 15. e5 Re8 16. Nf3 Nd7 17. Kf2 a6 18. Nbd4 Nxd4 19. Nxd4 Ke7 20. Rac1 Rac8 21. Rhe1 Kf8 22. Rc2 g6 23. g4 c6 24. Nf3 h6 25. f5 Nb6 26. Rce2 Nd5 27. Kg3 Rcd8 28. e6 gxf5 29. gxf5 f6 30. Nh4 Ne7 31. Rg1 Rd5 32. Kf4 Rd4+ 33. Re4 Nd5+ 34. Kf3 Rxe4 35. Kxe4 Rd8 36. Rg6 Ke7 37. Rxh6 Rg8 38. Ng6+ Kd6 39. Rh7 a5 40. Rd7+ Kc5 41. h4 Nb6 42. Rf7 Nc4 43. h5 Rd8 44. Rd7 1-0

[Event "Belgrade Spring op"]
[Site "Belgrade"]
[Date "2010.03.26"]
[Round "4"]
[White "Dzunic, Vladimir"]
[Black "Ivanovic, Nikola"]
[Result "0-1"]
[WhiteElo "2091"]
[BlackElo "2219"]
[PlyCount "88"]
[EventDate "2010.03.23"]
[EventType "swiss"]
[EventRounds "9"]
[EventCountry "YUG"]
[SourceTitle "CBM 135 Extra"]
[Source "ChessBase"]
[SourceDate "2010.05.04"]
[SourceVersion "1"]
[SourceVersionDate "2010.05.04"]
[SourceQuality "1"]

1. d4 Nf6 2. c4 g6 3. Nc3 Bg7 4. e4 d6 5. Nf3 0-0 6. Be2 e5 7. 0-0 exd4 8. Nxd4 Re8 9. f3 Nc6 10. Be3 Nh5 11. f4 Nf6 12. Nxc6 bxc6 13. Bf3 Rb8 14. Rf2 c5 15. Rd2 Qe7 16. Bf2 Be6 17. e5 dxe5 18. fxe5 Nd7 19. Nd5 Bxd5 20. Rxd5 Nxe5 21. Bxc5 Qh4 22. Bf2 Qxc4 23. Bxa7 Rxb2 24. Rd8 Nxf3+ 25. gxf3 Qc6 26. Rxe8+ Qxe8 27. Rb1 Qa8 28. Bc5 Rxa2 29. Qd7 Ra1 30. Rxa1 Qxa1+ 31. Kg2 Qb2+ 32. Bf2 Be5 33. Kf1 Qc1+ 34. Kg2 Qg5+ 35. Kf1 Qc1+ 36. Kg2 Kg7 37. Qe7 Qf4 38. Bg1 h5 39. Bc5 Qxh2+ 40. Kf1 Qf4 41. Ke2 Qc4+ 42. Ke3 Qe6 43. Qf8+ Kh7 44. Kf2 Bd6 0-1

[Event "Belgrade Spring op"]
[Site "Belgrade"]
[Date "2010.03.24"]
[Round "2"]
[White "Dzunic, Vladimir"]
[Black "Damjanovic, Dragan"]
[Result "0-1"]
[WhiteElo "2091"]
[BlackElo "2273"]
[PlyCount "140"]
[EventDate "2010.03.23"]
[EventType "swiss"]
[EventRounds "9"]
[EventCountry "YUG"]
[SourceTitle "CBM 135 Extra"]
[Source "ChessBase"]
[SourceDate "2010.05.04"]
[SourceVersion "1"]
[SourceVersionDate "2010.05.04"]
[SourceQuality "1"]

1. d4 d5 2. c4 dxc4 3. Nf3 a6 4. e3 Nf6 5. Bxc4 e6 6. Nc3 b5 7. Bd3 Bb7 8. 0-0 Nbd7 9. Qe2 c5 10. Rd1 Qc7 11. h3 Be7 12. Bd2 0-0 13. Rac1 e5 14. dxe5 Bxf3 15. Qxf3 Nxe5 16. Qf4 Nh5 17. Qe4 Nf6 18. Qf4 Bd6 19. Bb1 Nc4 20. Qf5 Rfd8 21. Qc2 g6 22. Be1 Rd7 23. Qe2 Rad8 24. Kh1 Nb6 25. Ne4 Nxe4 26. Bxe4 Be5 27. Rxd7 Rxd7 28. g3 Qd6 29. Kg2 Nc4 30. b3 Na3 31. f4 Bg7 32. Bf3 c4 33. bxc4 Nxc4 34. e4 Qa3 35. Rxc4 bxc4 36. Qxc4 Qd3 37. Qxd3 Rxd3 38. e5 Bf8 39. Be2 Re3 40. Kf1 Ra3 41. Bc4 a5 42. Kf2 Bb4 43. Bxb4 axb4 44. Bb3 Ra6 45. g4 Rc6 46. f5 g5 47. e6 fxe6 48. fxe6 Kf8 49. h4 h6 50. hxg5 hxg5 51. Kf3 Ke7 52. Ke4 Kf6 53. Kf3 Rc3+ 54. Kf2 Rc7 55. Kf3 Ke5 56. Ke3 Rc3+ 57. Kf2 Kf4 58. Ke2 Re3+ 59. Kd2 Re5 60. Kd3 Kxg4 61. Kd4 Kf4 62. Bc4 g4 63. Bd5 g3 64. Kc4 Rxe6 65. Bxe6 g2 66. Kxb4 g1Q 67. Bb3 Qb6+ 68. Kc3 Ke3 69. Bc4 Qa5+ 70. Kc2 Kd4 0-1

[Event "Belgrade Spring op"]
[Site "Belgrade"]
[Date "2010.03.23"]
[Round "1"]
[White "Nikolovska, Dragana"]
[Black "Dzunic, Vladimir"]
[Result "0-1"]
[WhiteElo "1719"]
[BlackElo "2091"]
[PlyCount "90"]
[EventDate "2010.03.23"]
[EventType "swiss"]
[EventRounds "9"]
[EventCountry "YUG"]
[SourceTitle "CBM 135 Extra"]
[Source "ChessBase"]
[SourceDate "2010.05.04"]
[SourceVersion "1"]
[SourceVersionDate "2010.05.04"]
[SourceQuality "1"]

1. e4 e5 2. Nf3 d6 3. Nc3 Nf6 4. Bc4 Be7 5. 0-0 0-0 6. d3 c6 7. Be3 d5 8. Bb3 d4 9. Nxe5 dxc3 10. bxc3 Nbd7 11. Nf3 Nc5 12. Qe2 Nxb3 13. cxb3 Bg4 14. Rfd1 Qa5 15. b4 Qc7 16. h3 Bxf3 17. Qxf3 a5 18. a3 Qe5 19. Rac1 axb4 20. axb4 Ra2 21. Bf4 Qe6 22. Re1 Rfa8 23. Re3 Ra1 24. Qd1 Rxc1 25. Qxc1 Nh5 26. Re1 Nxf4 27. Qxf4 Qf6 28. Qxf6 Bxf6 29. d4 Ra3 30. Re3 Bg5 31. Rd3 Ra1+ 32. Kh2 Re1 33. e5 Re2 34. Kg3 Rd2 35. Rf3 Rc2 36. Rd3 Bd2 37. d5 Rxc3 38. Rxc3 Bxc3 39. dxc6 bxc6 40. Kf4 Bxb4 41. Ke4 Kf8 42. Kd4 Ke7 43. g4 g5 44. f3 Ke6 45. Ke4 Bc3 0-1

[Event "Belgrade-chT Quality"]
[Site "Belgrade"]
[Date "2009.10.18"]
[Round "3"]
[White "Dzunic, Vladimir"]
[Black "Nenezic, Marko"]
[Result "0-1"]
[WhiteElo "2103"]
[BlackElo "2090"]
[PlyCount "118"]
[EventDate "2009.10.11"]
[EventType "team-tourn"]
[EventRounds "11"]
[EventCountry "YUG"]
[SourceTitle "CBM 133 Extra"]
[Source "ChessBase"]
[SourceDate "2010.01.05"]
[SourceVersion "1"]
[SourceVersionDate "2010.01.05"]
[SourceQuality "1"]

1. d4 Nf6 2. c4 g6 3. g3 Bg7 4. Bg2 0-0 5. Nc3 d6 6. Nf3 Nbd7 7. 0-0 c6 8. e4 e5 9. h3 exd4 10. Nxd4 a5 11. b3 Nc5 12. Bb2 Re8 13. Re1 Qb6 14. Rb1 Nfd7 15. Nc2 Ne5 16. Re3 Bh6 17. f4 Ned3 18. Ba1 Nb4 19. Nd4 Bg7 20. a3 Nba6 21. Kh2 Nc7 22. Re1 N7e6 23. Nf3 Qc7 24. b4 axb4 25. axb4 Rxa1 26. bxc5 Rxb1 27. Nxb1 Nxc5 28. Qc2 Bd7 29. Nbd2 Ra8 30. e5 Bf5 31. Qc3 dxe5 32. Nxe5 Nd3 33. Re3 Nxe5 34. fxe5 Qa5 35. Qb2 Rd8 36. Nf3 Qc5 37. Rb3 Be4 38. Rxb7 Qxc4 39. Rb8 Qd5 40. Qb6 Rf8 41. Rxf8+ Bxf8 42. Nh4 h6 43. Qe3 Bxg2 44. Nxg2 Bg7 45. Qc1 Bxe5 46. Qxh6 c5 47. Qg5 c4 48. h4 c3 49. h5 Bxg3+ 50. Qxg3 Qxh5+ 51. Kg1 Qd1+ 52. Kh2 c2 53. Qb8+ Kh7 54. Qf4 c1Q 55. Qxf7+ Kh6 56. Qf8+ Kh5 57. Qf2 Qh1+ 58. Kg3 Qg5+ 59. Kf3 Qd1+ 0-1

[Event "Belgrade Summer op"]
[Site "Belgrade"]
[Date "2009.06.10"]
[Round "8"]
[White "Kiproski, Branislav"]
[Black "Dzunic, Vladimir"]
[Result "0-1"]
[WhiteElo "1613"]
[BlackElo "2096"]
[PlyCount "28"]
[EventDate "2009.06.02"]
[EventType "swiss"]
[EventRounds "9"]
[EventCountry "SRB"]
[SourceTitle "EXT 2019"]
[Source "ChessBase"]
[SourceDate "2018.10.10"]
[SourceVersion "1"]
[SourceVersionDate "2018.10.10"]
[SourceQuality "1"]

1. d4 d5 2. c4 e6 3. Nc3 Be7 4. Bf4 Nf6 5. Nf3 0-0 6. e3 Nbd7 7. Qc2 b6 8. cxd5 exd5 9. Nb5 Bb4+ 10. Kd1 c6 11. Qxc6 Ne4 12. Qxa8 Nxf2+ 13. Kc2 Nf6 14. a3 Bf5+ 0-1

[Event "Belgrade Summer op"]
[Site "Belgrade"]
[Date "2009.06.09"]
[Round "7"]
[White "Marinkov, Svetislav"]
[Black "Dzunic, Vladimir"]
[Result "0-1"]
[WhiteElo "1977"]
[BlackElo "2096"]
[PlyCount "76"]
[EventDate "2009.06.02"]
[EventType "swiss"]
[EventRounds "9"]
[EventCountry "SRB"]
[SourceTitle "EXT 2019"]
[Source "ChessBase"]
[SourceDate "2018.10.10"]
[SourceVersion "1"]
[SourceVersionDate "2018.10.10"]
[SourceQuality "1"]

1. e4 e5 2. Nf3 d6 3. d4 exd4 4. Nxd4 Nf6 5. Nc3 Be7 6. Be2 0-0 7. 0-0 Re8 8. Bf4 a6 9. a4 c5 10. Nb3 Nc6 11. Re1 Be6 12. Nd2 d5 13. exd5 Nxd5 14. Nxd5 Bxd5 15. Bf3 Nd4 16. Bxd5 Qxd5 17. Nb3 Qf5 18. Nxd4 Qxf4 19. Nf3 Rad8 20. Qe2 h6 21. Qe4 Qxe4 22. Rxe4 Bf6 23. Rxe8+ Rxe8 24. Kf1 Bxb2 25. Rb1 Ba3 26. Rxb7 Re4 27. Ra7 Rxa4 28. Ne5 f6 29. Ra8+ Kh7 30. Nc6 Bb4 31. Ke2 Ra1 32. Nb8 a5 33. Nd7 Re1+ 34. Kf3 Rc1 35. Nf8+ Kg8 36. Ng6+ Kf7 37. Nh8+ Ke6 38. Re8+ Kd5 0-1

[Event "Belgrade Summer op"]
[Site "Belgrade"]
[Date "2009.06.02"]
[Round "1"]
[White "Pavlovic, Luka"]
[Black "Dzunic, Vladimir"]
[Result "0-1"]
[WhiteElo "1699"]
[BlackElo "2096"]
[PlyCount "58"]
[EventDate "2009.06.02"]
[EventType "swiss"]
[EventRounds "9"]
[EventCountry "SRB"]
[SourceTitle "EXT 2019"]
[Source "ChessBase"]
[SourceDate "2018.10.10"]
[SourceVersion "1"]
[SourceVersionDate "2018.10.10"]
[SourceQuality "1"]

1. e4 e5 2. Nc3 d6 3. Bc4 Nf6 4. d3 Be7 5. f4 exf4 6. Bxf4 0-0 7. Nf3 c6 8. Bb3 d5 9. 0-0 dxe4 10. Nxe4 Qb6+ 11. Kh1 Nd5 12. Bxd5 cxd5 13. Nc3 Be6 14. Qe1 Nc6 15. Bg5 h6 16. Bxe7 Nxe7 17. b3 Nf5 18. Qf2 Rac8 19. Na4 Qc6 20. Qxa7 Qxc2 21. Qxb7 Ne3 22. Ne1 Qe2 23. Rg1 Ng4 24. h3 Nf2+ 25. Kh2 Nxh3 26. Rh1 Qe5+ 27. g3 Rc2+ 28. Ng2 Rxg2+ 29. Kxg2 Qe2# 0-1

[Event "Belgrade Trophy 21st"]
[Site "Obrenovac"]
[Date "2008.12.05"]
[Round "9"]
[White "Dzunic, Vladimir"]
[Black "Lunev, Andrey"]
[Result "1/2-1/2"]
[WhiteElo "2052"]
[BlackElo "2429"]
[PlyCount "27"]
[EventDate "2008.11.27"]
[EventType "swiss"]
[EventRounds "9"]
[EventCountry "YUG"]
[SourceTitle "CBM 127 Extra"]
[Source "ChessBase"]
[SourceDate "2009.01.08"]
[SourceVersion "2"]
[SourceVersionDate "2009.01.28"]
[SourceQuality "1"]

1. d4 Nf6 2. c4 e6 3. Nf3 d5 4. Nc3 Nbd7 5. e3 c6 6. Bd3 dxc4 7. Bxc4 b5 8. Bd3 a6 9. 0-0 c5 10. Qe2 Bb7 11. a3 Rc8 12. Rd1 Qb6 13. Bb1 Be7 14. e4 1/2-1/2

[Event "Belgrade Trophy 21st"]
[Site "Obrenovac"]
[Date "2008.12.01"]
[Round "5"]
[White "Nenadovic, Ljubisa"]
[Black "Dzunic, Vladimir"]
[Result "0-1"]
[WhiteElo "2197"]
[BlackElo "2052"]
[PlyCount "49"]
[EventDate "2008.11.27"]
[EventType "swiss"]
[EventRounds "9"]
[EventCountry "YUG"]
[SourceTitle "CBM 127 Extra"]
[Source "ChessBase"]
[SourceDate "2009.01.08"]
[SourceVersion "2"]
[SourceVersionDate "2009.01.28"]
[SourceQuality "1"]

1. d4 d5 2. Nf3 e6 3. c4 dxc4 4. e4 Nf6 5. e5 Nd5 6. Bxc4 Nb6 7. Bd3 Bd7 8. 0-0 Be7 9. Nc3 Bc6 10. Ne4 Bd5 11. Nfg5 h6 12. Qh5 g6 13. Qh3 Nc6 14. Be3 Qd7 15. Rfd1 Bxe4 16. Nxe4 0-0-0 17. Qf3 Nb4 18. Bf1 N6d5 19. Qe2 Nxe3 20. fxe3 Nd5 21. Rac1 Kb8 22. a3 Bg5 23. Nxg5 hxg5 24. e4 Nf4 25. Qg4 0-1

[Event "Belgrade Trophy 21st"]
[Site "Obrenovac"]
[Date "2008.11.29"]
[Round "3"]
[White "Veleski, Robert"]
[Black "Dzunic, Vladimir"]
[Result "1-0"]
[WhiteElo "2270"]
[BlackElo "2052"]
[PlyCount "102"]
[EventDate "2008.11.27"]
[EventType "swiss"]
[EventRounds "9"]
[EventCountry "YUG"]
[SourceTitle "CBM 127 Extra"]
[Source "ChessBase"]
[SourceDate "2009.01.08"]
[SourceVersion "2"]
[SourceVersionDate "2009.01.28"]
[SourceQuality "1"]

1. Nf3 d5 2. d4 Nf6 3. Bf4 c6 4. e3 Qb6 5. Nbd2 Bf5 6. Nh4 e6 7. Nxf5 exf5 8. Bd3 g6 9. 0-0 Bg7 10. c4 0-0 11. Qb3 Nh5 12. Qxb6 axb6 13. Bc7 Rc8 14. Bxb8 Rcxb8 15. cxd5 cxd5 16. g3 Nf6 17. Bc2 Rc8 18. Bb3 Rc7 19. Rac1 Rac8 20. Rxc7 Rxc7 21. Nb1 g5 22. Nc3 Rd7 23. Rc1 f4 24. exf4 gxf4 25. Ne2 Bh6 26. Rc8+ Kg7 27. Kg2 Re7 28. Nc3 fxg3 29. hxg3 Kg6 30. f4 Bg7 31. Bc2+ Kh6 32. Kf3 Ne4 33. Nxe4 dxe4+ 34. Bxe4 Bxd4 35. b3 b5 36. Rd8 Bc3 37. Rd5 b4 38. g4 Kg7 39. Rg5+ Kh8 40. Rh5 f6 41. Rb5 Kg7 42. Bxb7 h6 43. Be4 Ra7 44. Bd3 Rxa2 45. Rb7+ Kf8 46. Bc4 Rh2 47. Rf7+ Ke8 48. Rh7 Bd4 49. Ke4 Bc3 50. Kf5 Rh1 51. Bd5 Rh2 1-0

[Event "Belgrade Trophy 21st"]
[Site "Obrenovac"]
[Date "2008.11.27"]
[Round "1"]
[White "Nestorovic, Dejan"]
[Black "Dzunic, Vladimir"]
[Result "0-1"]
[WhiteElo "2424"]
[BlackElo "2052"]
[PlyCount "114"]
[EventDate "2008.11.27"]
[EventType "swiss"]
[EventRounds "9"]
[EventCountry "YUG"]
[SourceTitle "CBM 127 Extra"]
[Source "ChessBase"]
[SourceDate "2009.01.08"]
[SourceVersion "2"]
[SourceVersionDate "2009.01.28"]
[SourceQuality "1"]

1. d4 d5 2. c4 e6 3. Nc3 Be7 4. Nf3 Nf6 5. cxd5 exd5 6. Bg5 0-0 7. e3 h6 8. Bf4 c6 9. Bd3 Be6 10. h3 Nbd7 11. Qc2 Re8 12. 0-0 Rc8 13. Rfd1 b5 14. Rac1 b4 15. Na4 Qa5 16. b3 c5 17. dxc5 Nxc5 18. Nxc5 Rxc5 19. Qb2 Rec8 20. Rxc5 Rxc5 21. Be5 Ne8 22. Nd4 Bd7 23. Bf5 Qd8 24. Rc1 Rxc1+ 25. Qxc1 Bxf5 26. Nxf5 Bf6 27. Bxf6 Qxf6 28. Qc8 Kh7 29. Nd4 Nd6 30. Qc6 Qe5 31. Qc5 Ne4 32. Qxb4 Qc7 33. Qe1 g6 34. f3 Nf6 35. Qd2 Qe5 36. Kf2 Qh5 37. b4 Qh4+ 38. Kg1 Qg5 39. b5 Nd7 40. Ne2 Ne5 41. f4 Nf3+ 42. Kf2 Nxd2 43. fxg5 Ne4+ 44. Ke1 hxg5 45. Kd1 Kg7 46. Kc2 Nd6 47. Nc3 f5 48. Kd3 Kf7 49. Kd4 Ke6 50. a4 f4 51. exf4 Nf5+ 52. Kc5 d4 53. Ne4 gxf4 54. a5 d3 55. b6 axb6+ 56. Kxb6 Kd5 57. Nd2 Nd4 0-1

[Event "Belgrade Spring op"]
[Site "Belgrade"]
[Date "2008.03.27"]
[Round "3"]
[White "Pucarevic, Milenko"]
[Black "Dzunic, Vladimir"]
[Result "1-0"]
[WhiteElo "2227"]
[BlackElo "2049"]
[PlyCount "93"]
[EventDate "2008.03.25"]
[EventType "swiss"]
[EventRounds "9"]
[EventCountry "YUG"]
[SourceTitle "CBM 123 Extra"]
[Source "ChessBase"]
[SourceDate "2008.05.06"]
[SourceVersion "1"]
[SourceVersionDate "2008.05.06"]
[SourceQuality "1"]

1. d4 d5 2. Bg5 Nf6 3. Bxf6 exf6 4. e3 c6 5. Nd2 Bd6 6. Bd3 0-0 7. c3 f5 8. g3 Re8 9. Qf3 g6 10. Ne2 Nd7 11. h4 h5 12. Bxf5 gxf5 13. Qxh5 Nf6 14. Qf3 Ne4 15. Nf4 Bxf4 16. gxf4 Qf6 17. 0-0-0 Kf8 18. Qe2 Nxd2 19. Kxd2 Be6 20. Rdg1 Ke7 21. Rg5 Rh8 22. Qd1 Rag8 23. Qa4 Bc8 24. Qxa7 Rxg5 25. hxg5 Qg7 26. Rxh8 Qxh8 27. Qb8 Kd7 28. Kc2 Qe8 29. Kb3 Qe6 30. Qa7 Qd6 31. a4 Kd8 32. Ka2 Qc7 33. a5 b5 34. axb6 Qxa7+ 35. bxa7 Bb7 36. Ka3 Kc7 37. Kb4 Kb6 38. b3 Ba8 39. f3 Bb7 40. c4 Ba8 41. e4 dxe4 42. fxe4 fxe4 43. f5 c5+ 44. dxc5+ Kxa7 45. g6 e3 46. Kc3 fxg6 47. f6 1-0